000
00338nam a22001457a 4500
008
210512b ||||| |||| 00| 0 eng d
020
_a
9780314043917
041
_a
eng
080
_2
2nd
_a
338
082
_a
338
100
_a
53
101
_a
MEN
245
_a
Managers and the Legal Environment
_c
Constance E. Bagley
942
_2
udc
_c
BK
999
_c
57271
_d
57271